000 00897nam a22001815i 4500
001 161110
003 ES-MaACL
005 20230906212209.0
008 020307s1865 sp |||| | spa d
040 _aCAM
_bspa
_cCAM
100 0 _aOrtíz de Pinedo, Manuel.
_987604
245 1 0 _aTomás el quinquillero
_b: drama en cuatro actos y un prólogo /
_carreglado del francés por M. Ortiz de Pinedo.
260 _aMadrid :
_b[s.n.],
_c1865 (
_fImprenta de José Rodriguez)
300 _a95 p. ;
_c20 cm.
500 1 _aEn port.: Estrenado con aplauso en el teatro de Novedades, el 10 de octubre de 1865.
596 1 _aEn verso de prot. consta: "... de la Galería dramática y lírica titulada El Teatro ..."
852 _aES-MaACL
_jF-8564(2)
_z-- Enc. pasta española
_q-- Falto de la cub. original
_z-- Enc. en un vol. facticio formando parte de la col. facticia "Teatro español moderno", vol. 16
999 _c161110
_d161110